<?xml version="1.0" encoding="UTF-8"?>
<record
    xmlns:xsi="http://www.w3.org/2001/XMLSchema-instance"
    xsi:schemaLocation="http://www.loc.gov/MARC21/slim http://www.loc.gov/standards/marcxml/schema/MARC21slim.xsd"
    xmlns="http://www.loc.gov/MARC21/slim">

  <leader>00693nam a2200181Ia 4500</leader>
  <controlfield tag="008">090630s9999    xx            000 0 und d</controlfield>
  <datafield tag="082" ind1=" " ind2=" ">
    <subfield code="b">21596</subfield>
  </datafield>
  <datafield tag="100" ind1=" " ind2=" ">
    <subfield code="a">&#x915;&#x930;&#x94D;&#x923;&#x93F;&#x915; &#x938;&#x941;&#x928;&#x93F;&#x932;.</subfield>
  </datafield>
  <datafield tag="245" ind1=" " ind2=" ">
    <subfield code="a">&#x928; &#x91B;&#x93E;&#x92A;&#x923;&#x94D;&#x92F;&#x93E;&#x91C;&#x94B;&#x917;&#x94D;&#x92F;&#x93E; &#x917;&#x94B;&#x937;&#x94D;&#x91F;&#x940;.</subfield>
    <subfield code="c">&#x915;&#x930;&#x94D;&#x923;&#x93F;&#x915; &#x938;&#x941;&#x928;&#x93F;&#x932;.</subfield>
  </datafield>
  <datafield tag="260" ind1=" " ind2=" ">
    <subfield code="b">&#x921;&#x93F;&#x902;&#x92A;&#x932; - &#x935;&#x938;&#x908;.</subfield>
    <subfield code="c">2000</subfield>
  </datafield>
  <datafield tag="300" ind1=" " ind2=" ">
    <subfield code="a">167</subfield>
  </datafield>
  <datafield tag="600" ind1=" " ind2=" ">
    <subfield code="a">&#x915;&#x930;&#x94D;&#x923;&#x93F;&#x915; &#x938;&#x941;&#x928;&#x93F;&#x932;.</subfield>
  </datafield>
  <datafield tag="630" ind1=" " ind2=" ">
    <subfield code="a">&#x928; &#x91B;&#x93E;&#x92A;&#x923;&#x94D;&#x92F;&#x93E;&#x91C;&#x94B;&#x917;&#x94D;&#x92F;&#x93E; &#x917;&#x94B;&#x937;&#x94D;&#x91F;&#x940;.</subfield>
  </datafield>
  <datafield tag="655" ind1=" " ind2=" ">
    <subfield code="a">&#x932;&#x918;&#x941;&#x915;&#x925;&#x93E;.</subfield>
  </datafield>
  <datafield tag="700" ind1=" " ind2=" ">
    <subfield code="a">&#x915;&#x930;&#x94D;&#x923;&#x93F;&#x915; &#x938;&#x941;&#x928;&#x93F;&#x932;.</subfield>
  </datafield>
  <datafield tag="730" ind1=" " ind2=" ">
    <subfield code="a">&#x928; &#x91B;&#x93E;&#x92A;&#x923;&#x94D;&#x92F;&#x93E;&#x91C;&#x94B;&#x917;&#x94D;&#x92F;&#x93E; &#x917;&#x94B;&#x937;&#x94D;&#x91F;&#x940;.</subfield>
  </datafield>
  <datafield tag="942" ind1=" " ind2=" ">
    <subfield code="c">BOOK</subfield>
  </datafield>
  <datafield tag="999" ind1=" " ind2=" ">
    <subfield code="c">273452</subfield>
    <subfield code="d">273452</subfield>
  </datafield>
  <datafield tag="952" ind1=" " ind2=" ">
    <subfield code="0">0</subfield>
    <subfield code="1">0</subfield>
    <subfield code="4">0</subfield>
    <subfield code="7">0</subfield>
    <subfield code="a">SAWASHRI</subfield>
    <subfield code="b">SAWASHRI</subfield>
    <subfield code="d">0000-00-00</subfield>
    <subfield code="g">125.00</subfield>
    <subfield code="l">0</subfield>
    <subfield code="o">21596</subfield>
    <subfield code="p">SAWASHRI-21596</subfield>
    <subfield code="r">2009-06-30 00:00:00</subfield>
    <subfield code="v">125.00</subfield>
    <subfield code="w">2009-06-30</subfield>
    <subfield code="y">BOOK</subfield>
  </datafield>
</record>
